Marketingový manažment cestovných kancelárií na medzinárodnom trhu v období nestabilného ekonomického vývoja dizertačná práca

Gespeichert in:
Bibliographische Detailangaben
1. Verfasser: Puškelová, Mária
Körperschaft: Obchodná fakulta EU. Katedra služieb a cestovného ruchu - zrušené
Weitere Verfasser: Novacká, Ľudmila, 1953-
Format: Buch
Sprache:Slowakisch
Veröffentlicht: Bratislava 2017
Schlagworte:
Tags: Tag hinzufügen
Keine Tags, Fügen Sie das erste Tag hinzu!

MARC

LEADER 00000nbm a2200000 4500
001 0234288
005 20230302104108.0
041 0 |a slo 
044 |a SK 
245 1 0 |a Marketingový manažment cestovných kancelárií na medzinárodnom trhu v období nestabilného ekonomického vývoja  |b dizertačná práca  |c Mária Puškelová ; školiteľ: Ľudmila Novacká 
264 1 |a Bratislava  |c 2017 
300 |a 136 s. 
610 2 0 |a ruch cestovný 
610 2 0 |a kancelárie cestovné 
610 2 0 |a báza dát 
610 2 0 |a trh domáci 
610 2 0 |a trh zahraničný 
610 2 0 |a manažment 
610 2 0 |a marketing 
610 2 0 |a modely 
610 2 0 |a nestabilita hospodárstva 
610 2 0 |a Slovensko 
100 1 |a Puškelová, Mária 
700 1 |a Novacká, Ľudmila, 1953- 
710 2 |a Obchodná fakulta EU. Katedra služieb a cestovného ruchu - zrušené